• 首页
  • 本馆介绍
  • 公告通知
  • 最新文献
  • 馆藏检索
  • 电子资源
  • 读者导购
  • 参考咨询
  • 我的图书馆
  • 登录
  • 详细信息显示
  • 放入我的书架
  • 预约/预借图书
  • 作者相关作品
  • 分类相关作品
  • 丛书相关作品
  • 出版社相关作品

书目信息

  • 表格格式
  • 工作单格式
  • 卡片格式
题名:
数码单反摄影天书
    
 
作者: 伍振荣 编
分册:  
出版信息: 北京   中国摄影出版社  2009
页数: 167页
开本: 29cm
丛书名:
单 册:
中图分类: TB86 , J41
科图分类:
主题词: 数字照相机--单镜头反光照相机--摄影技术 , 数字照相机 , 单镜头反光照相机 , 摄影技术
电子资源:
ISBN: 978-7-80236-313-7
000 00996nam0 2200277 45
005 20100303150305.87
010    @a978-7-80236-313-7@dCNY88.00
100    @a20100121d2009 em y0chiy0110 ea
101 0  @achi
102    @aCN@b110000
105    @aa z 000yy
106    @ar
200 1  @a数码单反摄影天书@AShu Ma Dan Fan She Ying Tian Shu@dDSLR PHOTOGRAPHY@f伍振荣编@FWu Zhen Rong Bian@zeng
210    @a北京@c中国摄影出版社@d2009
215    @a167页@c图@d29cm
330    @a本书取材自大学摄影课程的教材,以扼要的编排、明白的文字,以学习使用数码单镜头反光相机为主线,深入浅出地讲解各种入门者必须掌握的摄影知识,务求读者能够在最短的时间内,全面掌握基本的摄影知识及技巧
510 1  @aDSLR PHOTOGRAPHY@zeng
606 0  @a数字照相机@x单镜头反光照相机@x摄影技术
606 0  @a数字照相机
606 0  @a单镜头反光照相机
606 0  @a摄影技术
690    @aTB86@v4
690    @aJ41@v4
701  0 @a伍振荣@AWu Zhen Rong@4编
801  0 @aCN@bTANGWEI@c20100303
905    @b0584737-39@dTB86@e140@f3
    
    数码单反摄影天书=DSLR PHOTOGRAPHY/伍振荣编.-北京:中国摄影出版社,2009
    167页:图;29cm
    
    
    ISBN 978-7-80236-313-7:CNY88.00
    本书取材自大学摄影课程的教材,以扼要的编排、明白的文字,以学习使用数码单镜头反光相机为主线,深入浅出地讲解各种入门者必须掌握的摄影知识,务求读者能够在最短的时间内,全面掌握基本的摄影知识及技巧
●
相关链接 在E读中查询图书 在五车中查询图书 在当当中查询图书 在豆瓣中查询图书


正题名:数码单反摄影天书     索取号:TB86/140         预约/预借

序号 登录号 条形码 馆藏地/架位号 状态 备注
1 0584737   205847379   第二样本阅览室/ [索取号:TB86/140] 在馆    
2 0584738   205847388   第三借阅区/ [索取号:TB86/140] 在馆    
3 0584739   205847397   第三借阅区/ [索取号:TB86/140] 在馆    
唐山师范学院图书馆 欢迎您!
大连网信软件有限公司© 版权所有